| 000 | 01046nam a22003015a 4500 | ||
|---|---|---|---|
| 006 | a||||f ||z 00| 0 | ||
| 008 | 110630s2006 nyua frb 001 0 eng d | ||
| 010 | _a 2004057811 | ||
| 020 | _a0071115706 | ||
| 020 | _a9780071115704 | ||
| 040 |
_aEG-ScBUE _beng _cEG-ScBUE |
||
| 082 | 0 | 4 |
_a658.83 _bCOO _222 |
| 100 | 1 |
_aCooper, Donald R. _925987 |
|
| 245 | 1 | 0 |
_aMarketing Research / _cDonald R. Cooper, Pamela S. Schindler. |
| 260 |
_aNew York : _bThe McGraw-Hill/Irwin / The McGraw-Hill Companies, Inc. , _cc. 2006. |
||
| 300 |
_axix, 790 p. : _bill. ; _c28 cm. + _e1 CD-ROM (3 1/2 in.) |
||
| 490 | 0 | _aMcGraw-Hill/Irwin Series in Marketing | |
| 500 | _aGlossary : p. 750-766. | ||
| 500 | _aIndexes: p. 771-790. | ||
| 504 | _aBibliography: p. 726-749. | ||
| 590 | _aMohamed Hussein Reviewed by: wessam | ||
| 650 | 0 |
_aMarketing research. _925988 _2BUEsh |
|
| 651 | _2BUEsh | ||
| 653 | _bBUSADM | ||
| 700 | 1 |
_aSchindler, Pamela S. _925989 |
|
| 830 | _aMcGraw-Hill/Irwin Series in Marketing | ||
| 942 |
_cBB _k658.83 COO _2ddc |
||
| 999 |
_c2457 _d2457 |
||